000 00428nam a2200181Ia 4500
001 17329
005 20260306171509.0
008 260306s9999||||xx |||||||||||||| ||und||
041 _aESP
082 _a657.61
_bY42
100 _aYchocán Arma, Segundo
_eAUT
245 0 _aManual práctico NIC y NIIF
260 _c2014
300 _a000 páginas :
_c29 cm.
650 _aGEN
654 _aCCO
942 _cLIB
_dJUS
_fJUS
_2ddc
_n
999 _c17329
_d17329